[Event "FRA-chTA U20 1011"]
[Site "France"]
[Date "2010.11.21"]
[Round "2.1"]
[White "Tobitt Jupillat, Eric"]
[Black "Gelas, Christophe"]
[Result "0-1"]
[WhiteElo "1605"]
[BlackElo "2007"]
[PlyCount "57"]
[EventDate "2010.11.21"]
[EventType "team-tourn"]
[EventRounds "7"]
[EventCountry "FRA"]
[SourceTitle "EXT 2012"]
[Source "ChessBase"]
[SourceDate "2011.11.24"]
[SourceVersion "1"]
[SourceVersionDate "2011.11.24"]
[SourceQuality "1"]
[WhiteTeam "Hyeres"]
[BlackTeam "Grenoble"]
[WhiteTeamCountry "FRA"]
[BlackTeamCountry "FRA"]

1. e4 e6 2. d4 d5 3. Nc3 Bb4 4. e5 c5 5. Bd2 Bxc3 6. bxc3 Qc7 7. Qg4 f5 8. Qh5+ g6 9. Qd1 Nc6 10. Bb5 Bd7 11. Bxc6 Bxc6 12. Bg5 h6 13. Be3 cxd4 14. cxd4 Bb5 15. Ne2 Rc8 16. c3 Bxe2 17. Kxe2 Qc4+ 18. Kf3 Ne7 19. Qb3 Qd3 20. Rad1 Qe4+ 21. Ke2 f4 22. Qb5+ Kf7 23. Rhf1 Rxc3 24. Rd3 Rhc8 25. f3 Qxd3+ 26. Qxd3 Rxd3 27. Kxd3 fxe3 28. Kxe3 Nf5+ 29. Kd3 0-1